MARC

LEADER 00000nam0a2200000 4500
001 289576
005 20251210153333.0
035 |a (RuTPU)RU\TPU\book\314087 
090 |a 289576 
100 |a 20150401d1983 k y0rusy50 ca 
101 0 |a rus 
102 |a RU 
105 |a a z 001zy 
200 1 |a Аномальное сопротивление и двойные слои в магнитосферной плазме  |e [монография]  |f В. А. Липеровский, М. И. Пудовкин  |g Академия наук СССР (АН СССР), Междуведомственный геофизический комитет 
210 |a Москва  |c Наука  |d 1983 
215 |a 179 с.  |c ил. 
225 1 |a Результаты исследований по международным геофизическим проектам 
320 |a Библиогр.: с. 166-179 
606 1 |a Магнитное поле Земли  |x Исследование  |2 stltpush  |3 (RuTPU)RU\TPU\subj\40792  |9 60623 
610 1 |a плазма 
610 1 |a аномальное сопротивление 
610 1 |a магнитоактивная плазма 
610 1 |a потенциальные слои 
610 1 |a магнитосфера 
610 1 |a физика 
610 1 |a двойные слои 
610 1 |a монографии 
675 |a 550.383  |v 4 
700 1 |a Липеровский  |b В. А.  |g Виктор Андреевич 
701 1 |a Пудовкин  |b М. И.  |g Михаил Иванович 
712 0 2 |a Академия наук СССР  |b Междуведомственный геофизический комитет  |c Москва  |c 1961-1992  |9 88871 
801 1 |a RU  |b 63413507  |c 20150401 
801 2 |a RU  |b 63413507  |c 20170710  |g RCR 
942 |c BK